| 000 | 00772nam a22002057a 4500 | ||
|---|---|---|---|
| 999 |
_c5723 _d5723 |
||
| 003 | AR-CdUCM | ||
| 008 | 190313b ||||| |||| 00| 0 spa d | ||
| 040 |
_aMUNICIPALIDAD PROVINCIAL DEL CUSCO _cBIBLIOTECA MUNICIPAL DEL CUSCO |
||
| 082 |
_a808.89 / _bR84 |
||
| 245 | _aPoesía revolucionaria americana / | ||
| 260 |
_aLima : _bTierra Nueva, _c1959. |
||
| 300 |
_a2 tomos ; _c17 cm. |
||
| 505 | _aContenido : t.1: Argentina -- Colombia -- Cuba -- Chile -- Ecuador -- El Salvador -- Estados Unidos -- Guatemala -- Haití -- México -- Nicaragua -- Panamá -- Perú. | ||
| 650 |
_aPoesía americana _912510 |
||
| 650 |
_aPoesía política _917041 |
||
| 650 |
_aColecciones _9607 |
||
| 700 |
_aRose, Juan Gonzalo (compilador) _917042 |
||
| 942 |
_2ddc _cLIBROS |
||
| 945 | _azta | ||